Products and by-products of coal, (Record no. 25594)

MARC details
000 -LEADER
fixed length control field 00757cam a22002411 4500
001 - CONTROL NUMBER
control field gs 15000836
003 - CONTROL NUMBER IDENTIFIER
control field DLC
005 - DATE AND TIME OF LATEST TRANSACTION
control field 20260227111318.0
008 - FIXED-LENGTH DATA ELEMENTS--GENERAL INFORMATION
fixed length control field 790215s1915 xx 000 0 eng c
010 ## - LIBRARY OF CONGRESS CONTROL NUMBER
LC control number gs 15000836
035 ## - SYSTEM CONTROL NUMBER
System control number (OCoLC)4659303
040 ## - CATALOGING SOURCE
Original cataloging agency U.S. Geol. Survey. Libr.
Transcribing agency OCl
Modifying agency OCoLC
-- DLC
042 ## - AUTHENTICATION CODE
Authentication code premarc
050 00 - LIBRARY OF CONGRESS CALL NUMBER
Classification number TP755
Item number .C3
110 1# - MAIN ENTRY--CORPORATE NAME
Corporate name or jurisdiction name as entry element Canada.
Subordinate unit Mines Branch (1901-1936)
245 10 - TITLE STATEMENT
Title Products and by-products of coal,
Statement of responsibility, etc. by Edgar Stansfield, and F. E. Carter.
260 ## - PUBLICATION, DISTRIBUTION, ETC.
Place of publication, distribution, etc. Ottawa,
Name of publisher, distributor, etc. Government printing bureau,
Date of publication, distribution, etc. 1915.
300 ## - PHYSICAL DESCRIPTION
Extent vi p., 1 l., 51 p.
Other physical details fold. tab., diagr.
Dimensions 25 cm.
650 #0 - SUBJECT ADDED ENTRY--TOPICAL TERM
Topical term or geographic name entry element Coal.
650 #0 - SUBJECT ADDED ENTRY--TOPICAL TERM
Topical term or geographic name entry element Coal-tar products.
700 1# - ADDED ENTRY--PERSONAL NAME
Personal name Stansfield, Edgar,
Dates associated with a name 1878-
700 1# - ADDED ENTRY--PERSONAL NAME
Personal name Carter, Frederic Edward,
Dates associated with a name 1886-

No items available.

Powered by Koha